All countries starting with "D"- Map Quiz (official English spelling) - Statistics

General Stats
  • This quiz has been taken 131 times
  • The average score is 4 of 5
Answers on the Map
Answers color-coded by a green-red scale on the quiz's map according to % correct below.
 
Answer Stats
Answer % Correct
Denmark
99%
Djibouti
88%
Dominica
88%
Dominican Republic
88%
Democratic Republic of the Congo
50%
No matching quizzes found
Score Distribution
Percent of People with Each Score
Percentile by Number Answered
Your Score History
You have not taken this quiz